000 008620000a22002410004500
003 LK-CoMWRAF
005 20231102094154.0
008 230817t1990 ||||| |||| 00| 0 eng d
040 _aLK-CoMWRAF
_dLK-CoMWRAF
_eLK-CoMWRAF
041 _aeng
082 _a345.549
_bJAH
100 _aJahangir, Asma
245 _aThe Hudood ordinances: a divine sanction? :
_ba research study of the Hudood ordinances and their effect on the disadvantaged sections of Pakistan society
260 _aLahore :
_bRhotas books,
_c1990
300 _a420 p. : ill. ; 22 cm.
_bIndex included
650 _aCriminal law--Pakistan
650 _aCriminal law (Islamic law)--Pakistan
650 _aCriminal procedure--Pakistan
650 _aCriminal procedure (Islamic law)
650 _aWomen--Crimes against--Law and legislation--Pakistan
700 _aJilani, Hina
942 _cBK
999 _c780
_d780